Bệnh truyền nhiễm; T2

Salvato in:
Dettagli Bibliografici
Autore principale: Trịnh Ngọc Phan
Natura: Libro
Lingua:Undetermined
Pubblicazione: Hà Nội Y học 1985
Soggetti:
Tags: Aggiungi Tag
Nessun Tag, puoi essere il primo ad aggiungerne! !
Thư viện lưu trữ: Trung tâm Học liệu Trường Đại học Cần Thơ
LEADER 00516nam a2200181Ia 4500
001 CTU_17180
008 210402s9999 xx 000 0 und d
082 |a 616.9 
082 |b Ph105/T2 
100 |a Trịnh Ngọc Phan 
245 0 |a Bệnh truyền nhiễm; T2 
245 0 |c Trịnh Ngọc Phan 
260 |a Hà Nội 
260 |b Y học 
260 |c 1985 
650 |a communicable diseases 
904 |i Nguyễn Quang Điền, 960601 
980 |a Trung tâm Học liệu Trường Đại học Cần Thơ